00862 2200325 4500001002100000005001500021035002000036007000300056040001700059043000900076100006900085245002600154250001400180300003200194020002200226041001300248082002000261084002000281264004000301336001500341337001300356338001500369650002000384850001200404990002400416990002400440990002400464990002400488990002400512INLIS00000000106916520260602085346 a0010-0626000016ta aJKPNPNAbRDA aa-io aFidelaratJAUH KEFA DARI GUNUNGtFidelaratJAUH KEFA DARI GUNUNG aJAUH KEFA DARI GUNUNG aCetakan I a20 Hlm :bIlustrasi ;c25cm a978-979-26-7157-5 aRDAbIND a899.221 3 FID j a899.221 3 FID j aJakarta :bANAKSALEH PRATAMA,c2008 2rdacontent 2rdamedia 2rdacarrier aFiksi Indonesia aJKPNPNA a48252/DAU PEND/2025 a48253/DAU PEND/2025 a48254/DAU PEND/2025 a48255/DAU PEND/2025 a48256/DAU PEND/2025